MARC

LEADER 00000nam0a2200000 4500
001 28882
005 20231030203025.0
035 |a (RuTPU)RU\TPU\book\29140 
035 |a BOOK00029215 
090 |a 28882 
100 |a 20011209d1992 k y0rusy50 ca 
101 0 |a rus 
102 |a RU 
105 |a a z 001zy 
200 1 |a Вопросы долговременной прочности энергетического оборудования  |e Сборник научных трудов  |f Научно-производственное объединение по исследованию и проектированию энергетического оборудования им. И. И. Ползунова (НПО ЦКТИ) ; под ред. В. К. Рыжкова, А. А. Чижика 
210 |a СПб.  |c НПО ЦКТИ  |d 1992 
215 |a 138 с. 
225 1 |a Труды ЦКТИ  |v Вып. 270 
320 |a Библиогр. в конце ст. 
610 1 |a металлургия 
610 1 |a энергетика 
610 1 |a сварные соединения 
610 1 |a оборудование 
610 1 |a термическая обработка 
610 1 |a жаропрочность 
610 1 |a хрупкость 
610 1 |a разрушение 
610 1 |a паровые турбины 
610 1 |a надежность машин 
610 1 |a надежность 
610 1 |a энергооборудование 
675 |a 620.9.002.5:53  |v 3 
702 1 |a Рыжков  |b В. К.  |4 340 
702 1 |a Чижик  |b А. А.  |4 340 
712 0 2 |a Научно-производственное объединение по исследованию и проектированию энергетического оборудования им. И. И. Ползунова (НПО ЦКТИ)  |c (Санкт-Петербург)  |c (1994- )  |2 stltpush  |3 (RuTPU)RU\TPU\col\311 
801 0 |a RU  |b 63413507  |c 20011209  |g PSBO 
801 2 |a RU  |b 63413507  |c 20120428  |g PSBO 
942 |c BK